000 00735nam a2200229Ia 4500
003 OSt
005 20220925191127.0
006 a|||||r|||| 00| 0
007 ta
008 220923b |||||||| |||| 00| 0 eng d
037 _cGeneral Book
040 _aRTL
_cRTL
_beng
041 _2eng
_aeng
082 _aX9(M17):516.3.N39<--M50, K9
100 _aTaraporevala Russi Jal
_9240770
245 0 _aCompetition and its control in the British book tr
260 _aBombay
_bD B Tarapotewala India
_c1969
300 _axiv, 242p. Appendix p. 219-42
_ccm.
650 _aBook Selling Industry
_9240771
942 _hX9(M17):516.3.N39<--M50, K9
_cGB
_2CC
999 _c517327
_d517327